| 000 | 00349nam a2200145Ia 4500 | ||
|---|---|---|---|
| 008 | 230312s9999||||xx |||||||||||||| ||und|| | ||
| 020 | _a988-19740-2-0 | ||
| 082 |
_a727.3 _bLEE-U |
||
| 100 | _aLee;Katy | ||
| 245 | 0 | _aUniversity Architecture | |
| 260 |
_bMedia _aChina _c2010 |
||
| 300 | _a287 | ||
| 650 |
_aArchitecture _vArchitecture |
||
| 942 | _cBK | ||
| 999 |
_c12135 _d12135 |
||